000 01258nam a2200325 a 4500
001 ebr10504532
003 CaPaEBR
006 m u
007 cr cn|||||||||
008 110817s2011 enkab s 001 0 eng d
020 _z1848857179 (cloth)
020 _z9781848857179
020 _z9780857720030 (e-book)
040 _aCaPaEBR
_cCaPaEBR
035 _a(OCoLC)759007028
043 _aa-af---
050 1 4 _aDS363
_b.S74 2011eb
100 1 _aStewart, Jules.
245 1 0 _aOn Afghanistan's plains
_h[electronic resource] :
_bthe story of Britain's Afghan Wars /
_cJules Stewart.
260 _aLondon :
_bI.B. Tauris,
_c2011.
300 _axxi, 256 p. :
_bill., map.
500 _aIncludes bibliographical references and index.
533 _aElectronic reproduction.
_bPalo Alto, Calif. :
_cebrary,
_d2011.
_nAvailable via World Wide Web.
_nAccess may be limited to ebrary affiliated libraries.
650 0 _aAfghan Wars.
651 0 _aGreat Britain
_xHistory, Military.
651 0 _aGreat Britain
_xMilitary relations
_zAfghanistan.
655 7 _aElectronic books.
_2local
710 2 _aebrary, Inc.
856 4 0 _uhttp://site.ebrary.com/lib/rucke/Doc?id=10504532
_zAn electronic book accessible through the World Wide Web; click to view
999 _c114414
_d114414